000 00511nam a2200181Ia 4500
999 _c29774
_d29774
003 OSt
005 20201231144803.0
008 190216s9999||||xx |||||||||||||| ||und||
020 _a9788126417148
040 _coclc
082 _a894.8121
_bBAL/N
100 _aBalakrishnan, Kavitha
_97716
245 0 _aNjan Hajarundu /
_cKavitha Balakrishnan
260 _bD C Books,
_c2007.
_aKottayam:
300 _a68p
650 _aKavithkal
942 _cBK
_2ddc
_h894.8121
_iBAL/N
_k894.8121
_mBAL/N